| 000 | 00352nam a2200133Ia 4500 | ||
|---|---|---|---|
| 005 | 20251222144640.0 | ||
| 008 | 251222s9999||||xx |||||||||||||| ||spa|| | ||
| 082 | _a737.498.53/Y12 | ||
| 100 | _aYábar Acuña, Francisco | ||
| 245 | 0 | _aLas Ultimas Acuñaciones Provinciales 1883-1886 | |
| 250 | _a1ra.ed. | ||
| 264 | _bImpresora Amarilys | ||
| 942 | _cLIB | ||
| 999 |
_c16642 _d16642 |
||